000 00562nam a2200205 i 4500
001 65412
003 ES-MaACL
005 20230906165350.0
007 t|
008 040113q1955 sp ||||1| spa d
100 1 _aFrerk, F. W.
_952526
245 1 4 _aLos positivos
_b: cómo se mejoran /
_cF.W. Frerk.
250 _a1ª ed.
260 _aBarcelona :
_bOmega,
_c[1955?] (
_fFilograf)
300 _a58 p., 8 lám. ;
_c16 cm.
490 1 _aFoto biblioteca
830 0 _aFoto biblioteca
_9181378
852 _aES-MaACL
_jC-10123
_bR.37914
999 _c65412
_d65412